000 00626nam a2200229Ia 4500
003 OSt
005 20221007070840.0
006 a|||||r|||| 00| 0
007 ta
008 221006b |||||||| |||| 00| 0 eng d
024 _a16,273
037 _cTextual
040 _aFLL
_cFLL
_beng
041 _2eng
_aeng
082 _aX7291:Z255qN58, M0
100 _aJain R.C. Au.
_9585926
245 0 _aGeneral sales tax law in M.P.
260 _aIndore
_bVedpal Law House India
_c1980
300 _axii,c-25p
_ccm.
942 _hX7291:Z255qN58, M0
_cTEXL
_2CC
999 _c1141716
_d1141716